The Interlinear Bible books of Daniel and Ezra : (Record no. 8603)

MARC details
000 -LEADER
fixed length control field 01072nam a22002537a 4500
003 - CONTROL NUMBER IDENTIFIER
control field AUA.1
005 - DATE AND TIME OF LATEST TRANSACTION
control field 20121126110025.0
008 - FIXED-LENGTH DATA ELEMENTS--GENERAL INFORMATION
fixed length control field 121126t xxu||||| |||| 00| 0 eng d
020 ## - INTERNATIONAL STANDARD BOOK NUMBER
International Standard Book Number 9788961890175
040 ## - CATALOGING SOURCE
Transcribing agency A1
050 ## - LIBRARY OF CONGRESS CALL NUMBER
Classification number BS1550
Item number .C43 2008
100 ## - MAIN ENTRY--PERSONAL NAME
Personal name Chalice, Leander Bertram.
9 (RLIN) 29535
245 ## - TITLE STATEMENT
Title The Interlinear Bible books of Daniel and Ezra :
Remainder of title a Hebrew-Aramaic grammatical analysis. /
Statement of responsibility, etc Leander Bertram Chalice.
260 ## - PUBLICATION, DISTRIBUTION, ETC. (IMPRINT)
Place of publication, distribution, etc Seoul :
Name of publisher, distributor, etc Sahmyook University Press,
Date of publication, distribution, etc c2008
300 ## - PHYSICAL DESCRIPTION
Extent 259 p. :
Dimensions 18*26 cm.
650 ## - SUBJECT ADDED ENTRY--TOPICAL TERM
Topical term or geographic name as entry element Daniel, Old Testament
9 (RLIN) 29536
650 ## - SUBJECT ADDED ENTRY--TOPICAL TERM
Topical term or geographic name as entry element Ezra, Old Testament
9 (RLIN) 29537
650 ## - SUBJECT ADDED ENTRY--TOPICAL TERM
Topical term or geographic name as entry element Old Testament
Form subdivision Texts and Versions
9 (RLIN) 29538
650 ## - SUBJECT ADDED ENTRY--TOPICAL TERM
Topical term or geographic name as entry element Old Testament
Form subdivision Interlinear translations
9 (RLIN) 29539
650 ## - SUBJECT ADDED ENTRY--TOPICAL TERM
Topical term or geographic name as entry element Old Testament
Form subdivision Hebrew-Aramaic
-- English
9 (RLIN) 29540
650 ## - SUBJECT ADDED ENTRY--TOPICAL TERM
Topical term or geographic name as entry element Daniel and Ezra
Form subdivision Gramatical Analysis
9 (RLIN) 29541
942 ## - ADDED ENTRY ELEMENTS (KOHA)
Source of classification or shelving scheme AUA Inhouse Classification
Koha item type Reference Book
Classification part BS 1550
Item part .C43 2008
Holdings
Withdrawn status Lost status Source of classification or shelving scheme Damaged status Not for loan Collection code Home library Current library Shelving location Date acquired Source of acquisition Cost, normal purchase price Serial Enumeration / chronology Total Checkouts Full call number Barcode Date last seen Cost, replacement price Price effective from Koha item type
    Library of Congress Classification     Reference Shelves Judith Thomas Library Judith Thomas Library Reference Books 26/11/2012 Donation, Ellen G. White Estate 10.00 AUA011764   BS 1550 .C43 2008 AUA011764 26/11/2012 10.00 26/11/2012 Reference Book